| 000 | 00000nam 2200000zi 4500 |
| 001 | 9.940662 |
| 003 | CaOODSP |
| 005 | 20250107144100 |
| 006 | m o d f |
| 007 | cr |n||||||||| |
| 008 | 240717s2023 onc obs f|0| 0 eng d |
| 020 | |z9780660691701 |q(incorrect) |
| 040 | |aCaOODSP|beng|erda|cCaOODSP |
| 043 | |an-cn--- |
| 086 | 1 |aPS83-5/R473E-PDF|zPS83-3/473E-PDF |
| 245 | 00|aRevalidation of the Custody Rating Scale for Indigenous men offenders / |cprepared by: the Special Projects and Data Management (SPDM) team. |
| 264 | 1|a[Ottawa] : |bCorrectional Service Canada = Service correctionnel Canada, |c2023. |
| 300 | |a1 online resource (1 page). |
| 336 | |atext|btxt|2rdacontent |
| 337 | |acomputer|bc|2rdamedia |
| 338 | |aonline resource|bcr|2rdacarrier |
| 490 | 1 |aResearch at a glance ; |vR-473 |
| 500 | |aIssued also in French under title: Revalidation de l’Échelle de classement par niveau de sécurité pour les délinquants autochtones. |
| 504 | |aIncludes bibliographical references. |
| 650 | 5|aIndigenous prisoners|zCanada|xClassification|vStatistics. |
| 650 | 0|aMale prisoners|zCanada|xClassification|vStatistics. |
| 650 | 5|aIndigenous prisoners|xRisk assessment|zCanada|vStatistics. |
| 650 | 0|aMale prisoners|xRisk assessment|zCanada|vStatistics. |
| 650 | 0|aPrison discipline|zCanada|vStatistics. |
| 650 | 0|aParole revocation|zCanada|vStatistics. |
| 655 | 7|aStatistics|2lcgft |
| 710 | 2 |aCorrectional Service Canada, |eissuing body. |
| 775 | 08|tRevalidation de l’Échelle de classement par niveau de sécurité pour les délinquants autochtones / |w(CaOODSP)9.940665 |
| 830 | #0|aResearch at a glance (Correctional Service Canada)|vR-473.|w(CaOODSP)9.506649 |
| 856 | 40|qPDF|s217 KB|uhttps://publications.gc.ca/collections/collection_2024/scc-csc/PS83-5-R473-eng.pdf |
| 856 | 4 |qHTML|sN/A|uhttps://www.canada.ca/en/correctional-service/corporate/library/research/glance/473.html |